[Event "European Youth Chess Championship G14"]
[Site "Prague, Top Hotel Prague"]
[Date "2016.08.18"]
[Round "1.1"]
[White "Maltsevskaya, Aleksandra"]
[Black "Kulpa, Zuzanna"]
[Result "1-0"]
[WhiteElo "2341"]
[BlackElo "1719"]
[PlyCount "81"]
[EventDate "2016.??.??"]

1. e4 e5 2. Nf3 Nc6 3. Bb5 a6 4. Ba4 Nf6 5. O-O Be7 6. Re1 b5 7. Bb3 d6 8. c3
O-O 9. h3 Nb8 10. d4 Nbd7 11. Nbd2 Bb7 12. Bc2 Re8 13. Nf1 Bf8 14. Ng3 g6 15.
a4 c5 16. d5 c4 17. Bg5 h6 18. Be3 Nc5 19. Qd2 Kh7 20. Reb1 Qc7 21. Nh2 Bg7 22.
Ra3 Reb8 23. h4 Qd7 24. h5 Bc8 25. axb5 axb5 26. f4 Rxa3 27. bxa3 exf4 28. Bxf4
Qa7 29. Kh1 Ne8 30. e5 dxe5 31. Be3 Qc7 32. Rf1 Nf6 33. d6 Qc6 34. Bxc5 Qxc5
35. Rxf6 Bxf6 36. Ne4 Bg5 37. hxg6+ fxg6 38. Nxg5+ hxg5 39. d7 Bxd7 40. Qxd7+
Kh6 41. Ng4+ 1-0

[Event "European Youth Chess Championship G14"]
[Site "Prague, Top Hotel Prague"]
[Date "2016.08.18"]
[Round "1.2"]
[White "Hrysogelou, Athanasia-Panagiot"]
[Black "Solozhenkina, Elizaveta"]
[Result "0-1"]
[WhiteElo "1695"]
[BlackElo "2275"]
[PlyCount "124"]
[EventDate "2016.??.??"]

1. d4 Nf6 2. c4 g6 3. Nc3 d5 4. cxd5 Nxd5 5. e4 Nxc3 6. bxc3 Bg7 7. Be3 c5 8.
Nf3 O-O 9. Be2 Qa5 10. Nd2 cxd4 11. cxd4 Nc6 12. O-O Qd8 13. Nf3 Bg4 14. Rb1
Bxf3 15. Bxf3 Bxd4 16. Bxd4 Nxd4 17. Rxb7 e5 18. Bg4 Qa5 19. Qb1 h5 20. Bd1 Qa6
21. h3 Rac8 22. Rb4 Qd6 23. Rb7 Qa6 24. Rb4 Rc5 25. Ra4 Qb6 26. Qxb6 axb6 27.
Rb4 Rb5 28. Rxb5 Nxb5 29. Bb3 Nd4 30. Bc4 Rc8 31. Bd5 g5 32. Rb1 b5 33. Kf1 Rc2
34. Bb3 Rc5 35. Bd5 Kg7 36. Bb3 Kf6 37. Ke1 Rc7 38. Kd2 Ke7 39. Bd1 h4 40. Bb3
Kd6 41. Ke3 f6 42. Rd1 b4 43. Rb1 Rc3+ 44. Kd2 Kc5 45. Rb2 Nb5 46. Ba4 Nd6 47.
Bb3 Nxe4+ 48. Ke2 Nd6 49. Rd2 Nb5 50. Ba4 Nd4+ 51. Kd1 e4 52. Bd7 f5 53. Be8 f4
54. Bh5 Kc4 55. Bf7+ Kc5 56. Bh5 e3 57. fxe3 fxe3 58. Rb2 Ne6 59. Bf3 Nf4 60.
Bg4 Rd3+ 61. Ke1 Rd4 62. Bf3 Nd3+ 0-1

[Event "European Youth Chess Championship G14"]
[Site "Prague, Top Hotel Prague"]
[Date "2016.08.18"]
[Round "1.3"]
[White "Antova, Gabriela"]
[Black "Sidamonidze, Anastasia"]
[Result "1-0"]
[WhiteElo "2241"]
[BlackElo "1690"]
[PlyCount "141"]
[EventDate "2016.??.??"]

1. d4 Nf6 2. c4 g6 3. Nf3 Bg7 4. g3 O-O 5. Bg2 c6 6. O-O d5 7. b3 a5 8. Nbd2 a4
9. bxa4 dxc4 10. Nxc4 Be6 11. Qc2 Nbd7 12. Bd2 Bxc4 13. Qxc4 Nb6 14. Qb3 Rxa4
15. Rab1 Ra6 16. Rfd1 Qd5 17. Ne1 Qxb3 18. Rxb3 Nfd7 19. Bh3 e6 20. Bb4 Rfa8
21. a3 Bf8 22. Bxf8 Kxf8 23. Nc2 Ke7 24. e4 R8a7 25. Bf1 Ra4 26. Rdb1 Nc4 27.
Rxb7 Rxb7 28. Rxb7 Nxa3 29. Nb4 c5 30. Nc6+ Ke8 31. Rc7 Ra8 32. d5 exd5 33.
exd5 c4 34. Bh3 f5 35. Nd4 Rb8 36. Bf1 Nb5 37. Nxb5 Rxb5 38. Bxc4 Rc5 39. d6
Kd8 40. Rxc5 Nxc5 41. Bg8 Nd7 42. Bxh7 Nf8 43. Bg8 Kd7 44. h4 Kxd6 45. Kg2 Ke5
46. Kf3 Nd7 47. Bc4 Nf8 48. Bf7 Kf6 49. Bd5 Ke5 50. Bb7 Ne6 51. Bc8 Nd4+ 52.
Ke3 Nc6 53. Bd7 Ne7 54. Be8 Nd5+ 55. Kd3 Ne7 56. f3 Kd5 57. Kc3 Ke5 58. Kc4 f4
59. g4 Kf6 60. Kd4 g5 61. h5 Ke6 62. h6 Kf6 63. Kc5 Nc8 64. Bh5 Ne7 65. Kd6
Nc8+ 66. Kc7 Ne7 67. Kd6 Nc8+ 68. Kd7 Nb6+ 69. Ke8 Nc8 70. Kf8 Ne7 71. h7 1-0

[Event "European Youth Chess Championship G14"]
[Site "Prague, Top Hotel Prague"]
[Date "2016.08.18"]
[Round "1.4"]
[White "Jarocka, Liwia"]
[Black "Goltseva, Ekaterina"]
[Result "0-1"]
[WhiteElo "1676"]
[BlackElo "2213"]
[PlyCount "170"]
[EventDate "2016.??.??"]

1. e4 e5 2. Nf3 Nc6 3. Bb5 a6 4. Ba4 Nf6 5. O-O Be7 6. Re1 b5 7. Bb3 d6 8. c3
O-O 9. h3 Nd7 10. d4 Bf6 11. Be3 Na5 12. Bc2 Nc4 13. Bc1 Bb7 14. b3 Ncb6 15.
Nbd2 b4 16. Bb2 a5 17. Nf1 Qe7 18. Ng3 g6 19. Qd2 c5 20. dxc5 dxc5 21. a4 Rfd8
22. c4 Nb8 23. Qe2 Nc6 24. Rad1 Nd4 25. Nxd4 cxd4 26. Bc1 Nd7 27. Bd3 Nc5 28.
Qc2 Bg5 29. Nf1 Bxc1 30. Rxc1 Kh8 31. Nh2 Rg8 32. f3 Qg5 33. Ng4 h5 34. Nf2
Rae8 35. Rb1 f5 36. Kh1 Qg3 37. Qd2 Rg7 38. Bc2 Rc8 39. Rbd1 f4 40. Nd3 Nxd3
41. Bxd3 g5 42. Rf1 Rc6 43. Qf2 Qxf2 44. Rxf2 Rh6 45. Bf1 g4 46. Rc1 Rhg6 47.
Rcc2 Kg8 48. Bd3 Kf8 49. Rb2 gxh3 50. gxh3 Rg1+ 51. Kh2 Rc1 52. Bf1 Rc3 53. Bg2
h4 54. Rfd2 Ke7 55. Rf2 Kd6 56. Rfd2 Kc5 57. Rd1 Rg3 58. Rdd2 Bc8 59. Rd1 Re3
60. Rdd2 d3 61. Rf2 Kd4 62. Rfd2 Kc3 63. Rf2 Be6 64. Rfd2 Re1 65. Rf2 Rc1 66.
Rbd2 Rc2 67. Rxc2+ dxc2 68. Rf1 Kb2 69. Rf2 Kb1 70. Rf1+ c1=Q 71. Rxc1+ Kxc1
72. c5 Bxb3 73. c6 Bxa4 74. c7 Rxg2+ 75. Kxg2 Bd7 76. Kf2 b3 77. Ke2 b2 78.
c8=Q+ Bxc8 79. Ke1 b1=Q 80. Ke2 Ba6+ 81. Kf2 Qc2+ 82. Kg1 Qe2 83. Kh1 Qxf3+ 84.
Kg1 Bf1 85. Kh2 Qg2# 0-1

[Event "European Youth Chess Championship G14"]
[Site "Prague, Top Hotel Prague"]
[Date "2016.08.18"]
[Round "1.5"]
[White "Berdnyk, Mariia"]
[Black "Golsta, Madara"]
[Result "0-1"]
[WhiteElo "2204"]
[BlackElo "1675"]
[PlyCount "120"]
[EventDate "2016.??.??"]

1. e4 c5 2. c3 d6 3. d4 cxd4 4. cxd4 Nf6 5. Nc3 g6 6. Nf3 Bg7 7. Bd3 O-O 8. h3
Nc6 9. Be3 b6 10. O-O Bb7 11. Qd2 Rc8 12. Bh6 e5 13. Bxg7 Kxg7 14. d5 Nb4 15.
Bb1 a5 16. Nh2 Nh5 17. Ne2 Ba6 18. g3 Bb5 19. Ng4 Nf6 20. Re1 Na6 21. Nc3 Bd7
22. Qh6+ Kg8 23. Ne3 Nc5 24. g4 Kh8 25. Ng2 b5 26. Qd2 b4 27. Nd1 b3 28. a3 a4
29. Nc3 Kg7 30. Kh1 h5 31. g5 Nh7 32. h4 f6 33. f4 fxg5 34. f5 gxf5 35. exf5
Bxf5 36. Bxf5 Rxf5 37. Rf1 Qf6 38. Qe2 g4 39. Rxf5 Qxf5 40. Rf1 Qd3 41. Ne3
Qxe2 42. Nxe2 Ne4 43. Nf5+ Kh8 44. Rc1 Rc2 45. Rxc2 bxc2 46. Kg2 Nhf6 47. Ne3
Kg7 48. Nxc2 Nxd5 49. Nb4 Nf4+ 50. Kf1 Nd2+ 51. Kf2 Nc4 52. Ng3 d5 53. Nc6 Kf6
54. Nb4 Nxb2 55. Ne2 Nxe2 56. Kxe2 Ke6 57. Na6 e4 58. Nc7+ Ke5 59. Ne8 d4 60.
Ng7 d3+ 0-1

[Event "European Youth Chess Championship G14"]
[Site "Prague, Top Hotel Prague"]
[Date "2016.08.18"]
[Round "1.6"]
[White "Oliveira, Maria Alice Ramos Ma"]
[Black "Kovacs, Judit"]
[Result "0-1"]
[WhiteElo "1667"]
[BlackElo "2167"]
[PlyCount "96"]
[EventDate "2016.??.??"]

1. e4 c5 2. Nf3 e6 3. d4 cxd4 4. Nxd4 a6 5. Nc3 Qc7 6. Bd3 Nf6 7. O-O Bc5 8.
Nb3 Be7 9. Be3 d6 10. f4 Nbd7 11. Qf3 b5 12. Rae1 Bb7 13. Ne2 O-O 14. Ng3 d5
15. Nd4 dxe4 16. Nxe4 Kh8 17. Nb3 Rac8 18. c3 Bd5 19. Nbd2 Qb7 20. Bd4 Bc5 21.
Qe2 Bxd4+ 22. cxd4 Qb6 23. Nf3 Bxa2 24. Rc1 Bd5 25. Kh1 Bb7 26. Qe3 Nd5 27. Qd2
a5 28. Bb1 N7f6 29. Ng3 Rcd8 30. Rfd1 Nb4 31. f5 Bxf3 32. gxf3 e5 33. Ne2 Rfe8
34. Qc3 Nfd5 35. Qd2 Nc6 36. Be4 exd4 37. Nxd4 Nxd4 38. Qxd4 Qxd4 39. Rxd4 Ne3
40. Rd3 Rxd3 41. Bxd3 b4 42. Be4 Rd8 43. Kg1 g6 44. f6 Rd1+ 45. Rxd1 Nxd1 46.
b3 Nc3 47. Bc6 a4 48. bxa4 b3 0-1

[Event "European Youth Chess Championship G14"]
[Site "Prague, Top Hotel Prague"]
[Date "2016.08.18"]
[Round "1.7"]
[White "Zotova, Anastasia"]
[Black "Catal, Uktenur"]
[Result "1-0"]
[WhiteElo "2137"]
[BlackElo "1666"]
[PlyCount "83"]
[EventDate "2016.??.??"]

1. e4 c5 2. Nf3 e6 3. d3 Nc6 4. g3 g6 5. Bg2 Bg7 6. O-O Nge7 7. Nbd2 O-O 8. Re1
d6 9. c3 Rb8 10. Nf1 b5 11. d4 cxd4 12. cxd4 Bb7 13. Be3 d5 14. e5 Nf5 15. Qd2
Nxe3 16. Nxe3 Qa5 17. Qe2 Qb6 18. Rad1 b4 19. Ng4 Qd8 20. h4 h5 21. Ne3 Qa5 22.
Ng5 Ba6 23. Qf3 Bb7 24. g4 Nxe5 25. Qf4 Nxg4 26. Nxg4 hxg4 27. Qxg4 Qd8 28. h5
Qf6 29. Re3 Qf5 30. Qh4 Bh6 31. Rg3 Kg7 32. Bh3 Bxg5 33. Rxg5 Qf6 34. Re1 Rbe8
35. Re3 Rh8 36. Qg4 Rh6 37. Rf3 Qe7 38. Qg3 Rg8 39. hxg6 Rxg6 40. Rxg6+ fxg6
41. Qe5+ Kh7 42. Bxe6 1-0

[Event "European Youth Chess Championship G14"]
[Site "Prague, Top Hotel Prague"]
[Date "2016.08.18"]
[Round "1.8"]
[White "Vidruk, Mariia"]
[Black "Peycheva, Gergana"]
[Result "0-1"]
[WhiteElo "1665"]
[BlackElo "2134"]
[PlyCount "92"]
[EventDate "2016.??.??"]

1. e4 c5 2. Nf3 e6 3. c3 d5 4. exd5 Qxd5 5. d4 Nf6 6. Be2 cxd4 7. Qxd4 Nc6 8.
Qxd5 Nxd5 9. O-O Be7 10. Nbd2 O-O 11. Nc4 b6 12. Nfe5 Nxe5 13. Nxe5 Bb7 14. Bf3
f6 15. Nd3 Rad8 16. Re1 Kf7 17. Bd2 Nb4 18. Bxb7 Nxd3 19. Re2 Nxb2 20. Ba6 Bc5
21. Bf4 Nd1 22. Bc4 Rfe8 23. Bc7 Rd7 24. Bb5 Nxc3 25. Bxd7 Nxe2+ 26. Kf1 Re7
27. Kxe2 Rxd7 28. Bf4 e5 29. Bd2 Bxf2 30. Rf1 Bc5 31. Bc3 Ke6 32. Rf3 Bd4 33.
Bd2 Rc7 34. Kd1 e4 35. Rh3 g6 36. g4 f5 37. gxf5+ gxf5 38. Rg3 Rg7 39. Rh3 Ke5
40. Rh4 e3 41. Be1 f4 42. Kc2 Ke4 43. Bg3 Be5 44. Kd1 Kd3 45. Be1 Rg1 46. Rxh7
e2+ 0-1

[Event "European Youth Chess Championship G14"]
[Site "Prague, Top Hotel Prague"]
[Date "2016.08.18"]
[Round "1.9"]
[White "Schneider, Jana"]
[Black "Grimaldi, Angela Flavia"]
[Result "1-0"]
[WhiteElo "2105"]
[BlackElo "1662"]
[PlyCount "51"]
[EventDate "2016.08.18"]

1. e4 c5 2. Nf3 Nc6 3. Bb5 g6 4. O-O Bg7 5. Bxc6 bxc6 6. Re1 Nh6 7. c3 O-O 8.
d4 cxd4 9. cxd4 d5 10. e5 f6 11. e6 Nf5 12. Nc3 Qd6 13. Qe2 Rd8 14. g3 c5 15.
Bf4 Qc6 16. Qb5 Qxb5 17. Nxb5 a6 18. g4 axb5 19. gxf5 c4 20. Nh4 Ra6 21. Re3
gxf5 22. Rae1 Rxa2 23. Nxf5 Bf8 24. Rg3+ Kh8 25. Bh6 Bxh6 26. Nxh6 1-0

[Event "European Youth Chess Championship G14"]
[Site "Prague, Top Hotel Prague"]
[Date "2016.08.18"]
[Round "1.10"]
[White "Pipia, Ekaterine"]
[Black "Nestorovic, Katarina"]
[Result "0-1"]
[WhiteElo "1661"]
[BlackElo "2059"]
[PlyCount "94"]
[EventDate "2016.08.18"]

1. d4 Nf6 2. c4 e6 3. Nf3 Bb4+ 4. Bd2 Qe7 5. Nc3 Nc6 6. g3 Bxc3 7. Bxc3 Ne4 8.
Rc1 Nxc3 9. Rxc3 d6 10. Bg2 O-O 11. O-O e5 12. e3 Bg4 13. d5 Nb8 14. Qb3 Bxf3
15. Bxf3 b6 16. Qc2 Nd7 17. b4 a5 18. a3 Ra7 19. Be4 g6 20. Rc1 Rfa8 21. Bg2
axb4 22. axb4 Qd8 23. Bh3 Nf6 24. Bg2 Ng4 25. Qe2 f5 26. c5 Ra2 27. R3c2 Rxc2
28. Qxc2 e4 29. cxb6 cxb6 30. b5 Ne5 31. Bf1 Nd7 32. Qc7 Nc5 33. Qxd8+ Rxd8 34.
Ra1 Kf7 35. Ra7+ Rd7 36. Rxd7+ Nxd7 37. Bc4 Kf6 38. Kf1 Ke5 39. Ke2 Nf6 40. h4
Nxd5 41. Kd1 Nf6 42. Be2 Kd5 43. Kc2 Kc5 44. Kb3 Ng4 45. Bxg4 fxg4 46. Kc3 d5
47. Kb3 Kxb5 0-1

[Event "European Youth Chess Championship G14"]
[Site "Prague, Top Hotel Prague"]
[Date "2016.08.18"]
[Round "1.11"]
[White "Sibajeva, Marija"]
[Black "Merkesvik, Amalie Isabel"]
[Result "1-0"]
[WhiteElo "2021"]
[BlackElo "1639"]
[PlyCount "137"]
[EventDate "2016.08.18"]

 1. e4 c5 2. Nf3 d6 3. d4 cxd4 4. Qxd4 e5 5.
Bb5+ Bd7 6. Qd3 Nf6 7. Nc3 a6 8. Bc4 h6 9. Be3 Be7 10. Nd5 Nxd5 11. Qxd5 O-O
12. O-O-O Bc6 13. Qd3 Nd7 14. Nd2 b5 15. Bd5 Rc8 16. Bxc6 Rxc6 17. Nb3 Qc7 18.
Kb1 Rd8 19. Qd2 Nc5 20. f3 Nxb3 21. axb3 a5 22. c3 a4 23. Qd5 a3 24. bxa3 Rxc3
25. Rc1 Rxc1+ 26. Rxc1 Qb8 27. b4 Bg5 28. Bxg5 hxg5 29. Qc6 Kf8 30. Rd1 Ke7 31.
Rd5 Qa7 32. Qc1 f6 33. Rxb5 Rd7 34. Ra5 Qb6 35. Qb2 Rc7 36. Rd5 Qg1+ 37. Ka2
Qxh2 38. Rd2 Qh8 39. Rc2 Qc8 40. Kb1 Kd7 41. Rxc7+ Qxc7 42. Qc2 Qb6 43. Ka2 Qb5
44. Kb3 d5 45. a4 Qb7 46. b5 dxe4 47. fxe4 Qb6 48. Qd2+ Kc7 49. Kb4 Qe6 50. a5
Qe7+ 51. Ka4 Qc5 52. b6+ Kc8 53. Qb4 Qc6+ 54. Kb3 Kb7 55. Qc4 g4 56. Qxc6+ Kxc6
57. g3 g6 58. Kc4 f5 59. Kd3 Kb7 60. Ke3 Kc6 61. Kd3 Kb7 62. Kc4 Kc6 63. Kd3
Kb7 64. Ke2 Kc6 65. Kd2 Kb7 66. Kd3 Kc6 67. Kc4 f4 68. Kd3 fxg3 69. Ke2 1-0

[Event "European Youth Chess Championship G14"]
[Site "Prague, Top Hotel Prague"]
[Date "2016.08.18"]
[Round "1.12"]
[White "Simkunaite, Gabija"]
[Black "Malicka, Maria"]
[Result "1/2-1/2"]
[WhiteElo "1629"]
[BlackElo "2009"]
[PlyCount "116"]
[EventDate "2016.08.18"]

1. e4 c6 2. d4 d5 3. exd5 cxd5 4. c4 Nf6 5. Nc3 Be6 6. c5 Nc6 7. Nf3 Bg4 8. Be2
e6 9. Be3 Be7 10. Qb3 Qd7 11. h3 Bxf3 12. Bxf3 O-O 13. O-O Rfc8 14. Rac1 Bd8
15. Nb5 Na5 16. Qb4 Ne8 17. Na3 b6 18. cxb6 Bxb6 19. Be2 Nd6 20. Bf4 Ndc4 21.
Nxc4 Nxc4 22. Bxc4 Rxc4 23. Rxc4 dxc4 24. Qxc4 Qxd4 25. Qxd4 Bxd4 26. b3 Rc8
27. Rc1 Rxc1+ 28. Bxc1 Kf8 29. Kf1 Ke7 30. Ke2 a6 31. Be3 Bf6 32. Kd3 Kd6 33.
Kc4 Kc6 34. b4 Bd8 35. a4 Bb6 36. Bxb6 Kxb6 37. Kd4 f6 38. g3 Kc6 39. f4 Kb6
40. g4 Kc6 41. h4 Kb6 42. g5 h6 43. gxh6 gxh6 44. h5 Kc6 45. Kc4 Kb6 46. b5
axb5+ 47. axb5 e5 48. fxe5 fxe5 49. Kd5 Kxb5 50. Kxe5 Kc6 51. Kf6 Kd7 52. Kf7
Kd8 53. Kg7 Ke7 54. Kxh6 Kf8 55. Kh7 Kf7 56. h6 Kf8 57. Kh8 Kf7 58. Kh7 Kf8 $11
1/2-1/2

[Event "European Youth Chess Championship G14"]
[Site "Prague, Top Hotel Prague"]
[Date "2016.08.18"]
[Round "1.13"]
[White "Bulatova, Kamaliya"]
[Black "Pecorini, Angie"]
[Result "1/2-1/2"]
[WhiteElo "1999"]
[BlackElo "1625"]
[PlyCount "78"]
[EventDate "2016.08.18"]

1. d4 Nf6 2. Bf4 g6 3. e3 Bg7 4. Nf3 d6 5. h3 O-O 6. Be2 c5 7. c3 b6 8. O-O Bb7
9. a4 d5 10. a5 bxa5 11. Qb3 Qb6 12. Qa3 cxd4 13. exd4 Nc6 14. Nbd2 Rfe8 15.
Ne5 Nxe5 16. Bxe5 Bc6 17. Nb3 a4 18. Nc5 Nd7 19. Bxg7 Kxg7 20. Nxa4 Bxa4 21.
Qxa4 Nf6 22. Ra2 e5 23. dxe5 Rxe5 24. Bf3 Ne4 25. Qc2 Rae8 26. Rfa1 R5e7 27.
Ra6 Qb8 28. Bxe4 Rxe4 29. g3 Re1+ 30. Kg2 R1e2 31. Qd3 Qxb2 32. Qd4+ Kg8 33.
R1a2 Qxa2 34. Rxa2 Rxa2 35. Qxd5 Rc2 36. Qd3 Ree2 37. Qd8+ Kg7 38. Qd4+ Kg8 39.
Qd8+ Kg7 1/2-1/2

[Event "European Youth Chess Championship G14"]
[Site "Prague, Top Hotel Prague"]
[Date "2016.08.18"]
[Round "1.14"]
[White "Moerwald, Magdalena"]
[Black "Vinokur, Yuliya"]
[Result "0-1"]
[WhiteElo "1624"]
[BlackElo "1976"]
[PlyCount "82"]
[EventDate "2016.08.18"]

1. e4 Nf6 2. e5 Nd5 3. d4 d6 4. Nf3 Bg4 5. Be2 e6 6. O-O Be7 7. c4 Nb6 8. Nc3
O-O 9. Be3 Nc6 10. exd6 cxd6 11. d5 exd5 12. Nxd5 Nd7 13. Bf4 Bxf3 14. Bxf3
Nde5 15. b3 Bg5 16. Bg3 f5 17. Bf4 Kh8 18. Bxg5 Qxg5 19. Nc7 Nxf3+ 20. Qxf3 Ne5
21. Qd1 f4 22. Ne6 Qg6 23. Nxf8 Rxf8 24. f3 Rf5 25. Qd2 h6 26. Rad1 Rf6 27. Qd5
b6 28. Qa8+ Kh7 29. Qxa7 d5 30. cxd5 Qc2 31. Rde1 Rg6 32. Rf2 Nxf3+ 33. Kf1
Nxh2+ 34. Kg1 Nf3+ 35. Kf1 Qd3+ 36. Rfe2 Nxe1 37. Kxe1 Qxd5 38. Qa6 f3 39. gxf3
Qd4 40. Rd2 Rg1+ 41. Ke2 Rg2+ 0-1

[Event "European Youth Chess Championship G14"]
[Site "Prague, Top Hotel Prague"]
[Date "2016.08.18"]
[Round "1.15"]
[White "Muetsch, Annmarie"]
[Black "Minko, Olga"]
[Result "1-0"]
[WhiteElo "1966"]
[BlackElo "1622"]
[PlyCount "79"]
[EventDate "2016.08.18"]

1. e4 e5 2. Nf3 Nc6 3. Bc4 Nf6 4. d3 h6 5. c3 Bc5 6. Nbd2 Bb6 7. O-O O-O 8. h3
d5 9. exd5 Nxd5 10. Ne4 Kh8 11. Re1 f5 12. Ng3 Qd6 13. Nh4 g5 14. Bxg5 hxg5 15.
Qh5+ Kg7 16. Qxg5+ Kf7 17. Ngxf5 Bxf5 18. Nxf5 Qe6 19. Qh5+ Qg6 20. Bxd5+ Kf6
21. Qxg6+ Kxg6 22. Bxc6 bxc6 23. Nh4+ Kg7 24. Nf3 Rad8 25. Rad1 Rd5 26. c4 Ra5
27. b4 Rxa2 28. c5 a5 29. cxb6 cxb6 30. bxa5 bxa5 31. Rxe5 a4 32. Ra5 a3 33.
Rb1 c5 34. Kh2 Re8 35. Rb7+ Kf6 36. Rb6+ Kg7 37. Ra7+ Kf8 38. Rf6+ Kg8 39. Ng5
Ra1 40. Rg6+ 1-0

[Event "European Youth Chess Championship G14"]
[Site "Prague, Top Hotel Prague"]
[Date "2016.08.18"]
[Round "1.16"]
[White "Nilsson, Kajsa 2002"]
[Black "Beydullayeva, Govhar"]
[Result "0-1"]
[WhiteElo "1620"]
[BlackElo "1945"]
[PlyCount "178"]
[EventDate "2016.08.18"]

1. e4 e6 2. d4 d5 3. Nd2 Nf6 4. e5 Nfd7 5. c3 c5 6. f4 Nc6 7. Ndf3 Qb6 8. a3 a5
9. b3 f6 10. Bd3 Be7 11. Ne2 O-O 12. Bc2 Qa7 13. Qd3 g6 14. Be3 b6 15. c4 cxd4
16. Bxd4 Nxd4 17. Nfxd4 Nc5 18. Qh3 dxc4 19. bxc4 f5 20. Nc3 Bd7 21. a4 Rac8
22. Ncb5 Qb7 23. O-O Ne4 24. Bxe4 Qxe4 25. Rae1 Qa8 26. Rc1 Bc5 27. Kh1 Bxb5
28. Nxb5 Qe4 29. Qf3 Qxf3 30. Rxf3 Rfd8 31. Rff1 Rd7 32. Rfd1 Rcd8 33. Rxd7
Rxd7 34. g3 Rd2 35. Rb1 Kf7 36. Rb3 Rd1+ 37. Kg2 Rg1+ 38. Kh3 Ke7 39. Rd3 Ra1
40. Na7 Rxa4 41. Nc6+ Ke8 42. Rd8+ Kf7 43. Rd7+ Kg8 44. Nd8 Rxc4 45. Nxe6 Bb4
46. Ng5 Bf8 47. Nxh7 Bg7 48. Ng5 Rc8 49. Rb7 a4 50. Rxb6 Ra8 51. Ne6 a3 52. Nd4
a2 53. Nb3 Kh7 54. Kh4 a1=Q 55. Nxa1 Rxa1 56. h3 Ra4 57. Kg5 Bh6+ 58. Kf6 Ra7
59. g4 fxg4 60. hxg4 Bxf4 61. g5 Be3 62. Rc6 Bd4 63. Rd6 Bc5 64. Re6 Rb7 65.
Re8 Rb1 66. Rc8 Rf1+ 67. Ke6 Bf8 68. Rc7+ Bg7 69. Kd6 Rd1+ 70. Ke6 Re1 71. Kd6
Rd1+ 72. Ke6 Rg1 73. Kd6 Kg8 74. Rc8+ Bf8+ 75. Ke6 Rxg5 76. Kf6 Rf5+ 77. Kxg6
Rxe5 78. Rc6 $11 Re1 79. Rc4 Ra1 80. Re4 Ra6+ 81. Kf5 Kf7 82. Re2 Bg7 83. Kf4
Kf6 84. Rf2 Ra4+ 85. Kg3+ Kg5 86. Rf3 Be5+ 87. Kh3 Ra2 88. Rf5+ Kxf5 89. Kh4
Rh2# 0-1

[Event "European Youth Chess Championship G14"]
[Site "Prague, Top Hotel Prague"]
[Date "2016.08.18"]
[Round "1.17"]
[White "Koroleva, Evgeniya"]
[Black "Katkov, Michelle"]
[Result "1-0"]
[WhiteElo "1940"]
[BlackElo "1619"]
[PlyCount "99"]
[EventDate "2016.08.18"]

1. d4 Nf6 2. c4 e6 3. Nc3 Bb4 4. a3 Bxc3+ 5. bxc3 c5 6. e3 O-O 7. Bd3 d6 8. e4
Nc6 9. Ne2 e5 10. d5 Ne7 11. h3 Ng6 12. g3 Ne8 13. Qc2 Qf6 14. Rh2 Bd7 15. Be3
Nc7 16. h4 h6 17. a4 a6 18. a5 Rab8 19. Rb1 Na8 20. h5 Nh8 21. f4 Rfc8 22. Qa2
Qd8 23. fxe5 dxe5 24. Ng1 f6 25. Nf3 Bg4 26. Nd2 Qd6 27. Nb3 b6 28. axb6 Rxb6
29. Qa5 Qb8 30. Rhb2 Bxh5 31. Bxc5 Rb7 32. Qa3 Qc7 33. Bf2 Rcb8 34. Nc5 Rxb2
35. Rxb2 Rxb2 36. Qxb2 a5 37. Ne6 Qc8 38. c5 Nc7 39. Nxc7 Qxc7 40. d6 Qd7 41.
Bb5 Qg4 42. Qc2 Nf7 43. Bc4 Qd7 44. Bd5 Kf8 45. Qb3 Nd8 46. Qb6 Be8 47. Qxa5
Qb5 48. Qxd8 Qb1+ 49. Ke2 Qc2+ 50. Kf1 1-0

[Event "European Youth Chess Championship G14"]
[Site "Prague, Top Hotel Prague"]
[Date "2016.08.18"]
[Round "1.18"]
[White "Moerwald, Miriam"]
[Black "Aciu, Malina-Andreea"]
[Result "0-1"]
[WhiteElo "1618"]
[BlackElo "1935"]
[PlyCount "160"]
[EventDate "2016.08.18"]

1. e4 c5 2. Nf3 d6 3. d4 cxd4 4. Qxd4 a6 5. c4 Nc6 6. Qd2 Nf6 7. Nc3 g6 8. b3
Bg7 9. Bb2 O-O 10. Be2 Qa5 11. Rb1 e6 12. O-O Rd8 13. Rfd1 Qc7 14. h3 b6 15.
Ba3 Ne8 16. Bf1 Bb7 17. Qe3 Rab8 18. Rd2 Ba8 19. Rbd1 Na7 20. Rc1 Nc6 21. Rcd1
Na7 22. Rc1 Rbc8 23. Na4 Rb8 24. Nc3 Rd7 25. Bb2 Nf6 26. Qf4 Nh5 27. Qe3 Nc6
28. Rcd1 Rbd8 29. Na4 Bxb2 30. Rxb2 Rb8 31. Nc3 Qd8 32. Rbd2 Qe7 33. e5 Rbd8
34. exd6 Rxd6 35. Rxd6 Rxd6 36. Rxd6 Qxd6 37. Qxb6 Nf6 38. Qxa6 Qb8 39. Qb5 Qd8
40. Qg5 Kg7 41. Qd2 Qb8 42. Nd4 Qd8 43. Nf3 Qb8 44. g3 Qb7 45. Bg2 Ne5 46. Ne1
Qxg2+ 47. Nxg2 Nf3+ 48. Kh1 Nxd2 49. Nd1 Be4 50. g4 Nd7 51. Nc3 Ba8 52. Nd1 Nc5
53. Kh2 Nd3 54. Nge3 Nc1 55. Nc3 Ne4 56. Ned1 Kf6 57. f4 e5 58. fxe5+ Kxe5 59.
Kg1 Nxc3 60. Nxc3 Kd4 61. Nb5+ Kc5 62. Nc3 Kb4 63. Nd5+ Bxd5 64. cxd5 Kc5 65.
b4+ Kxd5 66. a3 Kc4 67. Kf2 Kd5 68. Kf3 Nd3 69. h4 f6 70. Kg3 Ke4 71. b5 Nc5
72. b6 f5 73. a4 Nb7 74. gxf5 gxf5 75. h5 f4+ 76. Kf2 h6 77. Ke2 Kf5 78. Kf2
Kg4 79. Kg2 Kxh5 80. Kf3 Kg5 0-1

[Event "European Youth Chess Championship G14"]
[Site "Prague, Top Hotel Prague"]
[Date "2016.08.18"]
[Round "1.19"]
[White "Verbin, Valentina"]
[Black "Smith, Rachel Lorna"]
[Result "1-0"]
[WhiteElo "1928"]
[BlackElo "1616"]
[PlyCount "47"]
[EventDate "2016.08.18"]

1. e4 d5 2. exd5 Qxd5 3. Nc3 Qd8 4. Bc4 Nf6 5. Nf3 e6 6. d4 c6 7. Bg5 Be7 8.
O-O O-O 9. a4 b6 10. Qe2 Qc7 11. Rfe1 Re8 12. Rad1 Bb7 13. Ne5 Nd5 14. Nxf7
Kxf7 15. Qxe6+ Kf8 16. Nxd5 cxd5 17. Qf5+ Kg8 18. Bxd5+ Kh8 19. Bxb7 Qxb7 20.
Rxe7 Qc6 21. d5 Qc8 22. Bh6 Na6 23. Bxg7+ Kg8 24. Qf7# 1-0

[Event "European Youth Chess Championship G14"]
[Site "Prague, Top Hotel Prague"]
[Date "2016.08.18"]
[Round "1.20"]
[White "Akulova, Alicia"]
[Black "Beshukova, Alina"]
[Result "0-1"]
[WhiteElo "1611"]
[BlackElo "1920"]
[PlyCount "58"]
[EventDate "2016.08.18"]

1. c4 Nf6 2. e3 g6 3. b3 Bg7 4. Bb2 O-O 5. d4 d6 6. Nf3 Nbd7 7. Be2 c6 8. O-O
Qc7 9. Nc3 e5 10. Qc2 Re8 11. Bd3 Nf8 12. d5 cxd5 13. Nxd5 Qd8 14. Nxf6+ Bxf6
15. e4 Ne6 16. Rfd1 Nc5 17. Bf1 Qc7 18. Ne1 Qc6 19. f3 Qb6 20. Kh1 Bg5 21. Bd3
Be3 22. Qe2 Nxd3 23. Qxd3 Bc5 24. Rab1 f5 25. a3 fxe4 26. fxe4 Bg4 27. Qd5+ Kh8
28. Rd3 Be6 29. Bxe5+ Kg8 0-1

[Event "European Youth Chess Championship G14"]
[Site "Prague, Top Hotel Prague"]
[Date "2016.08.18"]
[Round "1.21"]
[White "Palma, Maria"]
[Black "Petkova, Denitsa"]
[Result "1-0"]
[WhiteElo "1911"]
[BlackElo "1602"]
[PlyCount "55"]
[EventDate "2016.08.18"]

1. Nf3 Nf6 2. c4 g6 3. g3 Bg7 4. Bg2 O-O 5. O-O d6 6. d4 Nbd7 7. Nc3 c5 8. b3
a6 9. Bb2 Rb8 10. dxc5 Nxc5 11. Nd4 Bf5 12. Nxf5 gxf5 13. Qc2 e6 14. Rad1 Qe7
15. Rd2 Bh6 16. e3 Ng4 17. Re1 Bg7 18. Red1 Rfd8 19. h3 Ne5 20. f4 Nc6 21. Ba3
Qf6 22. Ne2 Bf8 23. b4 Nd7 24. b5 axb5 25. cxb5 Na7 26. Bxd6 Bxd6 27. Rxd6 Qe7
28. Qd3 1-0

[Event "European Youth Chess Championship G14"]
[Site "Prague, Top Hotel Prague"]
[Date "2016.08.18"]
[Round "1.22"]
[White "Richterova, Julie"]
[Black "Andrade, Sandoval Bianca"]
[Result "1-0"]
[WhiteElo "1592"]
[BlackElo "1899"]
[PlyCount "65"]
[EventDate "2016.08.18"]

1. d4 d5 2. c4 e6 3. Nc3 Nf6 4. cxd5 exd5 5. Bg5 Nbd7 6. Nf3 c6 7. e3 Bd6 8.
Bd3 a6 9. Rb1 h6 10. Bh4 O-O 11. O-O Qc7 12. Bg3 Re8 13. Qc2 Nf8 14. b4 Bxg3
15. hxg3 Qe7 16. a4 Ne4 17. b5 axb5 18. axb5 Bg4 19. Ne5 Nxc3 20. Qxc3 Ra3 21.
Qc2 Bd7 22. bxc6 bxc6 23. Rb7 Qd6 24. Bh7+ Nxh7 25. Rxd7 Qb8 26. Rxf7 Nf8 27.
Rb1 Qxe5 28. Rxf8+ Rxf8 29. dxe5 Kh8 30. Rb7 Rg8 31. e6 Ra6 32. e7 Raa8 33.
Qxc6 1-0